| 000 | 01322cam a2200361 i 4500 | ||
|---|---|---|---|
| 001 | 200464531 | ||
| 003 | TR-AnTOB | ||
| 005 | 20250604160513.0 | ||
| 007 | ta | ||
| 008 | 240701s2018 tu a|||j || 000 0 tur d | ||
| 020 | _a9786051980454 | ||
| 040 |
_aTR-AnTOB _beng _erda _cTR-AnTOB |
||
| 041 | 1 |
_atur _hita |
|
| 050 | 1 | 4 |
_aLB1029.G3 _bC3719 2018 |
| 090 |
_aJUN LB1029.G3 _bC3719 2018 |
||
| 100 | 1 |
_aCarzan, Carlo _9146026 _eauthor |
|
| 240 | 1 | 0 |
_aAllenamente : giochi attivita e trucchi per allenare il cervello. _lTurkish. |
| 245 | 1 | 0 |
_aÇalıştır saksıyı : _bbeyni geliştirmek için oyunlar, aktiviteler ve ipuçları / _cCarlo Carzan, Sonia Scalco ; resimleyen: Ignazio Fulghesu ; çeviri: Kemal Atakay. |
| 250 | _aII. baskı Kasım 2018 | ||
| 264 | 1 |
_aİstanbul ; _bDomingo, _c2018. |
|
| 300 |
_a91 pages : _billustrations ; _c23 cm |
||
| 336 |
_atext _btxt _2rdacontent |
||
| 337 |
_aunmediated _bn _2rdamedia |
||
| 338 |
_avolume _bnc _2rdacarrier |
||
| 500 | _a Eser, 9+ yaş grubu için hazırlanmıştır. | ||
| 650 | 0 |
_aEducational games _938432 |
|
| 653 | _aAktivite kitabı | ||
| 700 | 1 |
_aScalco, Sonia _9148905 _eauthor |
|
| 700 | 1 |
_aFulghesu, Ignazio _9146027 _eillustrator |
|
| 700 | 1 |
_aAtakay, Kemal _d1962- _etranslator _994927 |
|
| 942 |
_2lcc _cBK |
||
| 999 |
_c200464531 _d82743 |
||